000 00871nam a2200277 i 4500
001 000032996
003 DO-SdBNP
005 20250127080201.0
007 ta
008 110805s1901 dr r 000 0 spa d
040 _aDO-SdBNP
_bspa
_cBNPHU
_erda
041 _aspa
082 4 _aRD868.308
_bG216d
_222
100 1 _aGarcía Gómez, Arístides
_938692
_eautor
_4aut.
245 1 0 _aDe todo un poco :
_bcolección de artículos cortos /
_cAristides García Gómez.
264 1 _aSanto Domingo :
_bCuna de Américas,
_c1901.
300 _a315 páginas ;
_c17 cm.
336 _atexto
_btxt
_2rdacontent
337 _asin mediación
_bn
_2rdamedia
338 _avolumen
_bnc
_2rdacarrier
590 _aInventariado, 2023/BT
650 0 _aLiteratura dominicana.
_967
650 0 _aEnsayos dominicanos
_965
910 _aValidado. Control de calidad MFF
942 _2ddc
_cLBS1
999 _c32487
_d32487